000 00374nam a22001577a 4500
003 MPLRDC
005 20220104142514.0
008 210129b ||||| |||| 00| 0 eng d
082 _a414.31 ZY v.3
100 _a钟庸
245 _a食疗药物. 第三集
_c
260 _a
_b香港得利书局
_c1973
300 _b
650 _a中药材
942 _cBK
_o414.31 ZY v.3
999 _c31425
_d31415